000 00580nam a2200181Ia 4500
003 OSt
005 20200611104103.0
008 190216s9999||||xx |||||||||||||| ||und||
020 _a9788192993003
040 _coclc
082 _a305.51220954
_bAMB/H
100 _aAmbedkar, B R
_91800
245 0 _aHatred In The Belly :
_bPolitics Behind The Appropriation Of Dr. Ambedkar`s Writings /
_cAmbedkar
260 _bThe Shared Mirror,
_c2015.
_aHyderbad:
300 _a262p
650 _aPolitics
942 _cBK
_2ddc
_h305.51220954
_iAMB/H
_k305.51220954
_mAMB/H
999 _c34945
_d34945